| 000 | 00429nam a2200181Ia 4500 | ||
|---|---|---|---|
| 003 | GCL | ||
| 008 | 140319s9999 xx 000 0 eng d | ||
| 040 |
_aGCL / _cGCL |
||
| 082 | 0 | 4 |
_a745,6 _bN P |
| 100 | 1 | _aNASH, JOHN | |
| 245 | 1 | 0 |
_aPRACTICAL CALLIGRAPHY / _cNASH, JOHN |
| 700 | 1 | _aFLEUSS, GEROLD | |
| 260 |
_a[S.N] : _bHANLYN ، _c1992 |
||
| 300 | _a144 PP | ||
| 650 | 0 | 4 | _aARTS |
| 650 | 0 | 4 | _aCALLIGRAPHY |
| 942 |
_2ddc _cBK |
||
| 999 |
_c18835 _d18835 |
||